ابن رشد والرشدية / (Record no. 6609)
[ view plain ]
| 000 -الفاتح | |
|---|---|
| حقل البيانات ثابتة الطول | 00537nac a22001331u 4500 |
| 008 - عناصر البيانات ثابتة الطول - معلومات عامة | |
| حقل البيانات ثابتة الطول | 080904t ua|||||r|||| 000 0 ara d |
| 082 ## - رقم تصنيف ديوى العشرى | |
| رقم التصنيف | 189.092 |
| رقم المادة | ر ي ن |
| رقم الطبعة | 22 |
| 245 ## - بيان العنوان | |
| العنوان | ابن رشد والرشدية / |
| بيان المسئوليه,etc | تأليف إرنست رينان ؛ نقله إلى العربية عادل زعيتر |
| 260 ## - PUBLICATION, DISTRIBUTION, ETC. (IMPRINT) | |
| مكان الناشر او الموزع | القاهرة : |
| اسم الناشر او الموزع | دار إحياء الكتب العربية، 1957 |
| تاريخ النشر أو التوزيع | 1957. |
| 300 ## - الوصف المادى | |
| التعداد | 485 ص ؛ |
| أبعاد الوعاء | 24 سم . |
| 511 ## - | |
| -- | Catalogued by: Sara |
| 541 ## - تبصرة المصدر المباشر للتزويد | |
| مصدر التزويد | ؛الف باء |
| طريقة التزويد | ؛شراء |
| 942 ## - عناصر المدخل الإضافي( كوها) | |
| Koha [default] item type | Book - Borrowing |
| سابقة رقم الطلب | 189.092 ر ي ن |
| مصدر التصنيف او مخطط الترفيف | Dewey Decimal Classification |
| حالة التراجع | حالة الفقد | مصدر التصنيف او خطة الترفيف | حالة تلف | ليس للاعارة | مجموعات كوها | المكان الدائم | المكان الحالي | موقع الترفيف | تاريخ الاكتساب | Source of acquisition | رقم الاستدعاء | الباركود | Date last seen | نوع الوعاء |
|---|---|---|---|---|---|---|---|---|---|---|---|---|---|---|
| Dewey Decimal Classification | Alef-Baa | Central Library | Central Library | Lower Floor | 20/07/2010 | 189.092 رين | 000008081 | 15/07/2025 | Book - Borrowing |